Il Bambino nell'arte : visto da un medico / visto da un medico /
Descripción Física:
XVI, 363 pàg. : il. ; 30 cm
Otros Autores:
Comba, Carlo
Idioma:
Italian
MARC
| LEADER | 00000nam a2200000 a 4500 | ||
|---|---|---|---|
| 001 | 24864 | ||
| 003 | AGDB | ||
| 005 | 20260324181536.0 | ||
| 008 | 120417s1933 it a|| ||b||| 0|1 0|ita|c | ||
| 035 | |a (ES-BaCBU).b52621947 | ||
| 040 | |a ES-BaCBU |b cat |c ES-BaCBU | ||
| 041 | |a ita | ||
| 100 | |a Mazzini, Giuseppe, |d 1805-1872 |9 72521 | ||
| 245 | 1 | 3 | |a Il Bambino nell'arte : |b visto da un medico / |c Giuseppe Mazzini ; prefazione Carlo Comba |
| 260 | |a Milano : |b Ulrico Hoepli , |c 1933 | ||
| 300 | |a XVI, 363 pàg. : |b il. ; |c 30 cm | ||
| 500 | |a Prové del fons Joan Junyer i Pascual (1909-1994) | ||
| 500 | |a Coberta en molt mal estat | ||
| 504 | |a Bibliografia. Índex | ||
| 650 | |a Fons Joan Junyer i Pascual (1909-1994) |9 72777 | ||
| 650 | 0 | |a Infants |x Malalties |2 Arxiu |9 48348 | |
| 650 | 0 | 0 | |a Infants en l'art |2 Arxiu |9 29674 |
| 700 | |a Comba, Carlo |9 72520 | ||
| 907 | |a .b52621947 |b 05-05-17 |c 17-04-12 |d 17-04-12 |e m |f a |g - |h ita |i it |j 0 |k 0 | ||
| 908 | |a AHCB | ||
| 940 | |a AHCB | ||
| 942 | |2 udc |c ARXIU |n 1 | ||
| 952 | |0 0 |1 0 |4 0 |6 F50484 |7 1 |9 98481 |a Arxiu |b Arxiu |d 2025-10-15 |l 0 |o F-504-84 |p 24864 |r 2025-10-15 13:46:55 |w 2025-10-15 |y ARXIU | ||
| 999 | |c 130234 |d 130234 | ||